[Event "Barcelona Gotic op 2nd"]
[Site "Barcelona"]
[Date "2018.04.24"]
[Round "1"]
[White "Ribera Sellares, Pere"]
[Black "Vivancos Munoz, Manuel"]
[Result "1/2-1/2"]
[WhiteElo "1952"]
[BlackElo "1684"]
[PlyCount "42"]
[EventDate "2018.04.24"]
[EventType "swiss"]
[EventRounds "8"]
[EventCountry "ESP"]
[SourceTitle "EXT 2019"]
[Source "ChessBase"]
[SourceDate "2018.10.10"]
[SourceVersion "1"]
[SourceVersionDate "2018.10.10"]
[SourceQuality "1"]

1. c4 Nf6 2. Nc3 g6 3. e4 d6 4. g3 Bg7 5. Bg2 e5 6. Nge2 Be6 7. d3 Nc6 8. 0-0 0-0 9. Nd5 Nd7 10. Be3 Nd4 11. Ndc3 Nxe2+ 12. Qxe2 c6 13. Rad1 f5 14. exf5 gxf5 15. f4 Qe8 16. d4 e4 17. d5 cxd5 18. Nxd5 Qf7 19. b3 Nc5 20. Nb4 Rfd8 21. Qf2 a5 1/2-1/2

[Event "Barcelona Tres Peons-A 45th"]
[Site "Barcelona"]
[Date "2016.06.10"]
[Round "9.4"]
[White "Ribera Sellares, Pere"]
[Black "Cano Sevila, Ivan"]
[Result "1-0"]
[WhiteElo "2019"]
[BlackElo "1850"]
[PlyCount "83"]
[EventDate "2016.04.15"]
[EventType "swiss"]
[EventRounds "9"]
[EventCountry "ESP"]
[SourceTitle "EXT 2024"]
[Source "ChessBase"]
[SourceDate "2023.10.10"]
[SourceVersion "1"]
[SourceVersionDate "2023.10.10"]
[SourceQuality "1"]

1. d4 Nf6 2. c4 e5 3. dxe5 Ng4 4. Bf4 Nc6 5. Nf3 Bc5 6. e3 f6 7. exf6 Qxf6 8. Qd2 Bb4 9. Nc3 Bxc3 10. Qxc3 Qxc3+ 11. bxc3 d6 12. c5 Nge5 13. cxd6 cxd6 14. Be2 Bf5 15. Nd4 Bg6 16. 0-0 0-0 17. Rfd1 Rfd8 18. Nb5 d5 19. Nc7 Rac8 20. Nxd5 Bf7 21. c4 Kf8 22. e4 Bg6 23. f3 Nf7 24. Ne3 Nce5 25. Rxd8+ Rxd8 26. Rd1 Rxd1+ 27. Nxd1 Nc6 28. Kf2 Nfd8 29. Ke3 Ne6 30. Bd6+ Ke8 31. f4 Ned4 32. Bd3 b6 33. Nc3 Kd7 34. Ba3 Bf7 35. Ne2 Nxe2 36. Bxe2 Na5 37. Kd4 b5 38. cxb5 Bxa2 39. Bb4 Nb3+ 40. Kc3 Nc1 41. Bg4+ Be6 42. Bxe6+ 1-0

[Event "Moia MC"]
[Site "Moia"]
[Date "2014.10.17"]
[Round "5"]
[White "Ribera Sellares, Pere"]
[Black "Prats Rodriguez, Juan Bosco"]
[Result "1/2-1/2"]
[WhiteElo "2028"]
[BlackElo "2069"]
[PlyCount "109"]
[EventDate "2014.09.19"]
[EventType "tourn"]
[EventRounds "9"]
[EventCountry "ESP"]
[SourceTitle "EXT 2016"]
[Source "ChessBase"]
[SourceDate "2015.10.08"]
[SourceVersion "1"]
[SourceVersionDate "2015.10.08"]
[SourceQuality "1"]

1. c4 e5 2. g3 Nc6 3. Bg2 g6 4. Nc3 Bg7 5. e4 d6 6. Nge2 Nge7 7. 0-0 0-0 8. d3 Be6 9. Nd5 f5 10. Be3 Qd7 11. Qd2 Rf7 12. f3 Raf8 13. Rac1 Nd4 14. Nxe7+ Qxe7 15. f4 c6 16. exf5 Bxf5 17. Nc3 Bg4 18. Rce1 Qd7 19. Ne4 Ne6 20. fxe5 dxe5 21. Rxf7 Rxf7 22. Bxa7 Nd4 23. Rf1 Rxf1+ 24. Kxf1 Nf3 25. Bxf3 Bxf3 26. Be3 Bxe4 27. dxe4 Qf7+ 28. Kg1 Qxc4 29. Qd8+ Bf8 30. Bh6 Qd4+ 31. Qxd4 exd4 32. Bxf8 Kxf8 33. b4 Ke7 34. Kf2 Ke6 35. Ke2 Kd6 36. Kd3 c5 37. bxc5+ Kxc5 38. a3 g5 39. e5 Kd5 40. e6 Kxe6 41. Kxd4 Kd6 42. a4 g4 43. Kc4 Kc6 44. Kb4 Kb6 45. Kc4 Ka5 46. Kb3 b6 47. Ka3 b5 48. axb5 Kxb5 49. Kb3 Kc5 50. Kc3 Kd5 51. Kd3 Ke5 52. Ke3 Kf5 53. Kf2 Ke4 54. Kg1 Kf3 55. Kf1 1/2-1/2

[Event "Sant Adria de Besos op 09th"]
[Site "Sant Adria de Besos"]
[Date "2013.04.21"]
[Round "2"]
[White "De la Fuente Clemente, Constantin"]
[Black "Ribera Sellares, Pere"]
[Result "0-1"]
[WhiteElo "1875"]
[BlackElo "2190"]
[PlyCount "88"]
[EventDate "2013.04.14"]
[EventType "swiss"]
[EventRounds "9"]
[EventCountry "ESP"]
[SourceTitle "EXT 2015"]
[Source "ChessBase"]
[SourceDate "2014.11.20"]
[SourceVersion "1"]
[SourceVersionDate "2014.11.20"]
[SourceQuality "1"]

1. e4 c5 2. Nf3 e6 3. d4 cxd4 4. Nxd4 Nc6 5. Nc3 Qc7 6. Ndb5 Qb8 7. Bg5 a6 8. Na3 b5 9. Nab1 b4 10. Na4 Qe5 11. Be3 Qxe4 12. Be2 Ne5 13. Nd2 Qxg2 14. Rf1 Bb7 15. f4 Qh3 16. Bf2 Ng6 17. Bg4 Qxh2 18. Bf3 d5 19. Qe2 Qxf4 20. 0-0-0 Nf6 21. Nc5 Qc7 22. Ndb3 Be7 23. Rh1 0-0 24. Bh5 Nf4 25. Bxf7+ Rxf7 26. Qd2 Bd6 27. Kb1 Bc8 28. Rdg1 a5 29. Nd3 Ba6 30. Nbc5 Bxc5 31. Nxc5 Nd7 32. Nxe6 Nxe6 33. Qh6 Ndf8 34. Be1 Rc8 35. c3 Bd3+ 36. Ka1 Qf4 37. Bd2 Qxh6 38. Bxh6 bxc3 39. bxc3 Rxc3 40. Bd2 Rc2 41. Bxa5 Rff2 42. Kb1 Rc5+ 43. Ka1 Rxa5 44. Rxg7+ Nxg7 0-1

[Event "Sant Adria de Besos op 09th"]
[Site "Sant Adria de Besos"]
[Date "2013.04.14"]
[Round "1"]
[White "Ribera Sellares, Pere"]
[Black "Serentill Tost, Eduard"]
[Result "1-0"]
[WhiteElo "2190"]
[BlackElo "1664"]
[PlyCount "39"]
[EventDate "2013.04.14"]
[EventType "swiss"]
[EventRounds "9"]
[EventCountry "ESP"]
[SourceTitle "EXT 2015"]
[Source "ChessBase"]
[SourceDate "2014.11.20"]
[SourceVersion "1"]
[SourceVersionDate "2014.11.20"]
[SourceQuality "1"]

1. c4 Nf6 2. Nc3 g6 3. e4 d6 4. g3 e5 5. Bg2 Bg7 6. Nge2 0-0 7. 0-0 Be6 8. d3 Nc6 9. h3 Qd7 10. Kh2 a6 11. f4 Qe7 12. f5 Bd7 13. g4 h6 14. Ng3 g5 15. Be3 Nd8 16. Qe2 c5 17. Nh5 Nxh5 18. Nd5 Qe8 19. gxh5 Rb8 20. f6 1-0

[Event "Catalunya-chT"]
[Site "Spain"]
[Date "1999.??.??"]
[Round "2"]
[White "Picanol Alemany, Antonio"]
[Black "Ribera Sellares, Pere"]
[Result "1-0"]
[WhiteElo "2345"]
[BlackElo "2195"]
[PlyCount "155"]
[EventDate "1999.??.??"]
[EventType "team"]
[EventRounds "9"]
[EventCountry "ESP"]
[SourceTitle "EXT 2000"]
[Source "ChessBase"]
[SourceDate "1999.11.16"]
[SourceVersion "1"]
[SourceVersionDate "1999.11.16"]
[SourceQuality "1"]

1. e4 g6 2. d4 Bg7 3. f4 d5 4. e5 c5 5. dxc5 Nc6 6. Nf3 Bg4 7. Nc3 d4 8. Ne4 Bf5 9. Bd3 Qd5 10. Qe2 0-0-0 11. 0-0 Bxe4 12. Bxe4 Qxc5 13. Qf2 f6 14. Bxc6 bxc6 15. c3 fxe5 16. fxe5 Bxe5 17. cxd4 Bxd4 18. Nxd4 Qxd4 19. Be3 Qd5 20. Bxa7 Nf6 21. Rac1 Qb5 22. a4 Qa6 23. Bd4 Rhf8 24. Qe3 Nd5 25. Qe6+ Kb7 26. Rxf8 Rxf8 27. Qd7+ Ka8 28. Qxc6+ Qxc6 29. Rxc6 Rf4 30. Ra6+ Kb7 31. Ra7+ Kb8 32. Bc5 Rc4 33. Ra5 Rc1+ 34. Kf2 Rc2+ 35. Kf3 Rxb2 36. Ba7+ Kb7 37. Rxd5 Kxa7 38. Rd7+ Ka6 39. Rxe7 Rb3+ 40. Kf4 Rb4+ 41. Re4 Rb2 42. Kg3 Rb6 43. Kf4 h6 44. Kg4 Kb7 45. h4 Kc7 46. Rd4 Ra6 47. Kf4 Ra5 48. g3 Rf5+ 49. Ke4 Ra5 50. Kd3 Rf5 51. Kc4 Rf3 52. Rg4 Rf6 53. Kd5 Kd7 54. Rf4 Rd6+ 55. Kc5 Re6 56. Rf7+ Kc8 57. Rg7 Kd8 58. a5 Kc8 59. Kb5 Kb8 60. Rh7 h5 61. Rg7 Rf6 62. Kc5 Kc8 63. Kd5 Kd8 64. Ra7 Rf3 65. a6 Ra3 66. Kd6 Rd3+ 67. Ke6 Rxg3 68. Rg7 Ra3 69. a7 Ra6+ 70. Ke5 Kc8 71. Rg8+ Kb7 72. a8Q+ Rxa8 73. Rxa8 Kxa8 74. Kf6 Kb8 75. Kxg6 Kc8 76. Kxh5 Kd8 77. Kg6 Ke8 78. Kg7 1-0

[Event "Catalunya-chT"]
[Site "Spain"]
[Date "1993.??.??"]
[Round "6"]
[White "Ribera Sellares, Pere"]
[Black "Baigorri Navarro, Francisco Javier"]
[Result "1/2-1/2"]
[WhiteElo "2210"]
[BlackElo "2200"]
[PlyCount "48"]
[EventDate "1993.??.??"]
[EventType "team"]
[EventRounds "9"]
[EventCountry "ESP"]
[SourceTitle "EXT 2019"]
[Source "ChessBase"]
[SourceDate "2018.10.10"]
[SourceVersion "1"]
[SourceVersionDate "2018.10.10"]
[SourceQuality "1"]

1. e4 c5 2. Nf3 Nc6 3. Nc3 e6 4. d4 cxd4 5. Nxd4 Nf6 6. Ndb5 d6 7. Bf4 e5 8. Bg5 a6 9. Na3 b5 10. Bxf6 gxf6 11. Nd5 Bg7 12. Bd3 Ne7 13. Nxe7 Qxe7 14. 0-0 0-0 15. c4 f5 16. exf5 e4 17. Qe2 Re8 18. Rae1 b4 19. Qxe4 Qxe4 20. Rxe4 Bxf5 21. Rxe8+ Rxe8 22. Bxf5 bxa3 23. bxa3 Re2 24. Rd1 Bd4 1/2-1/2